Teshuvot ha-Rid. (Record no. 32839)

MARC details
000 -LEADER
fixed length control field 01204cam a22002411 4500
001 - CONTROL NUMBER
control field he 68000173
003 - CONTROL NUMBER IDENTIFIER
control field DLC
005 - DATE AND TIME OF LATEST TRANSACTION
control field 20260227111452.0
008 - FIXED-LENGTH DATA ELEMENTS--GENERAL INFORMATION
fixed length control field 850226s1967 is h 001 0 hebr
010 ## - LIBRARY OF CONGRESS CONTROL NUMBER
LC control number he 68000173
035 ## - SYSTEM CONTROL NUMBER
System control number (OCoLC)11735170
040 ## - CATALOGING SOURCE
Original cataloging agency DLC
Transcribing agency WU
Modifying agency DLC
042 ## - AUTHENTICATION CODE
Authentication code premarc
050 00 - LIBRARY OF CONGRESS CALL NUMBER
Classification number BM522.45
Item number .A5
100 0# - MAIN ENTRY--PERSONAL NAME
Personal name Isaiah ben Mali,
Titles and words associated with a name di Trani,
Dates associated with a name approximately 1200-
245 10 - TITLE STATEMENT
Title Teshuvot ha-Rid.
260 ## - PUBLICATION, DISTRIBUTION, ETC.
Place of publication, distribution, etc. Yerushalayim :
Name of publisher, distributor, etc. "Yad ha-Rav Hertsog"--iḥud mifʻalim Toratiyim-sifrutiyim (Emet), Mekhon ha-Talmud ha-Yiśreʼeli ha-shalem,
Date of publication, distribution, etc. 727 [1967]
300 ## - PHYSICAL DESCRIPTION
Extent 66 p., 536 columns, 540-595 p. :
Other physical details facsims. ;
Dimensions 27 cm.
500 ## - GENERAL NOTE
General note Added t.p.: Teshuvot harid : the Responsa of Rabbi Isaiah the Elder of Terrani, Italy (13th cent.). Issued for the 1st time from Cambridge Manuscript with introd., annotations and indices by A.J. Wertheimer. Jerusalem : "Yad Harav Herzog"--Rabbi Herzog World Academy ("Emet"), Institute for the Complete Israeli Talmu ; supported by the Wurzweiler Foundation and Astore Mayer Foundation.
650 #0 - SUBJECT ADDED ENTRY--TOPICAL TERM
Topical term or geographic name entry element Responsa
Chronological subdivision 1040-1600.
700 1# - ADDED ENTRY--PERSONAL NAME
Personal name Wertheimer, Abraham Joseph.
710 2# - ADDED ENTRY--CORPORATE NAME
Corporate name or jurisdiction name as entry element Mekhon ha-Talmud ha-Yiśreʼeli ha-shalem, Yerushalayim.

No items available.

Powered by Koha